| 000 | 00614nam a2200229Ia 4500 | ||
|---|---|---|---|
| 005 | 20230222100551.0 | ||
| 008 | 131103s9999 xx 000 0 und d | ||
| 020 | _a33212355 | ||
| 040 | _aLoreto College | ||
| 041 | _aEnglish | ||
| 082 |
_a821.04 _bHIL |
||
| 245 | 4 |
_aThe Romantic imagination _b a case book _cEdited by John Spencer Hill |
|
| 260 |
_aLondon _bMacmillan _c1993 |
||
| 300 | _a241p. | ||
| 440 | _aCasebook series | ||
| 504 | _aIncludes index | ||
| 650 | _aEnglish poetry - Criticism | ||
| 651 | _aEnglish lterature | ||
| 700 | _aHill, John Spencer; ed. | ||
| 850 | _aLCLIB | ||
| 942 | _cBK | ||
| 999 |
_c20799 _d71278 |
||